Ghana Trivia - Statistics

General Stats
  • This quiz has been taken 481 times
  • The average score is 8 of 15
Answer Stats
Hint Answer % Correct
Capital City Accra
96%
Official Language English
84%
Drives on this side of road Right
81%
Year Declared Independence 1957
68%
Currency Cedi
67%
Football Team Black Stars
61%
Well Known Cloth Kente
54%
Largest Ethnic Group Akan
50%
UN Secretary from Ghana Kofi Annan
48%
First President Kwame Nkrumah
46%
Calling Code 233
44%
Colony of this Country Great Britian
42%
Curent President John Mahama
29%
Largest Region Northern
26%
Oldest University University of Ghana
23%
No matching quizzes found
Score Distribution
Percent of People with Each Score
Percentile by Number Answered
Your Score History
You have not taken this quiz